01924 2200241 4500001002100000005001500021007000300036008004100039020002200080035002000102082001200122084001800134100003200152245012500184250001200309260003800321300005500359500118400414600000901598700002401607700003401631990001701665INLIS00000000000212720250416094142ta250416 c 0 ind  a978-602-255-245-1 a0010-0425000063 a391.598 a391.598 MAH m0 aMahadewa Adi Seta (Penulis)1 aMengenal adat dan budaya 34 provonsi di Indonesia /cMahadewa Adi Seta ; ilustrasi , Hardi ; penyunting , Irham Sya'roni a-Cet. I aYogyakarta :bLaksana KIDZ,c2013 a120 hlm :bilust., bergambar, berwarna ;c27 cme- aIndonesia terdiri dari 34 provinsi. Masing-masing provinsi di Indonesia memiliki budata dan adat yang berbeda-beda, mulai rumah adat, pakaian adat, senjata tradisional, upacara adat, sampai tarian adat. Nah melihat keragaman tersebut, buku ini hadir untuk menjawab pertanyaan Adik-Adik mengenai apa saja budayadan adat di Indonesia. Selain itu menjelaskan mengenai apa dan pengertiannya, buku ini dilengkapi dengan: Ilustrasi gambar mengenai budaya dan adat di Indonesia Indonesia terdiri dari 34 provinsi. Masing-masing provinsi di Indonesia memiliki budata dan adat yang berbeda-beda, mulai rumah adat, pakaian adat, senjata tradisional, upacara adat, sampai tarian adat. Nah melihat keragaman tersebut, buku ini hadir untuk menjawab pertanyaan Adik-Adik mengenai apa saja budayadan adat di Indonesia. Selain itu menjelaskan mengenai apa dan pengertiannya, buku ini dilengkapi dengan: Ilustrasi gambar mengenai budaya dan adat di Indonesia Full Color Disertai tumbuhan dan hewan asli Indonesia Tempat bersejarah di masing-masing provinsi Tunggu apa lagi? Segera miliki buku ini dan lengkapi pengetahuanmu tentang Indonesia dari Sabang sampai Merauke. 4aAdat0 aHardi ( Ilustrasi )0 aIrham Sya'roni ( Penyunting ) a00053/R/2025